000
00283nam a22001217a 4500
008
170221b xxu||||| |||| 00| 0 eng d
041
_a
eng
080
_a
615
100
_a
5
101
_a
SHF
245
_a
A MANUAL OF MATERIA MEDICA AND PHARMACOLOGY
_c
CULBRETH, D.M
942
_2
udc
_c
BK
999
_c
5965
_d
5965